000 00285nam a22001337a 4500
008 170810b xxu||||| |||| 00| 0 eng d
020 _a9780135773703
041 _aeng
080 _a004
100 _a35
101 _aSHK
245 _aDATA WAREHOUSE
_cZACHMAN,J.A
942 _2udc
_cBK
999 _c23175
_d23175